|
|
|
|
| LEADER |
00000cam a2200000 a 4500 |
| 001 |
vtls001327278 |
| 003 |
SK-MaSNL |
| 005 |
20260311132240.0 |
| 008 |
240318s1935 xr f 00 cze |
| 035 |
|
|
|a SNK000280074
|
| 040 |
|
|
|a SNK
|b slo
|c SNK
|e AACR2
|
| 041 |
|
|
|a cze
|
| 044 |
|
|
|a xr
|c CZ
|
| 080 |
|
|
|a 94
|2 2001
|
| 080 |
|
|
|a (437)
|2 2001
|
| 080 |
|
|
|a (437.7)
|2 2011
|
| 080 |
|
|
|a (035)
|2 2011
|
| 100 |
1 |
|
|a Krofta, Kamil,
|d 1876-1945
|4 aut
|9 109064
|
| 245 |
1 |
0 |
|a Podkarpatská Rus a Československo
|c Kamil Krofta
|
| 260 |
|
|
|a Praha
|b Svaz národního osvobození
|c 1934
|
| 300 |
|
|
|a 61 s.
|
| 500 |
|
|
|a Na obálke rok vyd. 1935
|
| 504 |
|
|
|a Literatúra
|
| 650 |
0 |
7 |
|a dejiny
|2 SNKPH
|9 3825
|
| 650 |
0 |
7 |
|a odborné texty
|2 SNKPH
|9 63855
|
| 651 |
|
7 |
|a Československo
|2 SNKPH
|9 21376
|
| 651 |
|
7 |
|a Podkarpatská Rus
|2 SNKPH
|9 56369
|
| 655 |
|
7 |
|a príručky
|2 SNKPH
|9 74364
|
| 999 |
|
|
|c 804154
|d 806084
|
| 952 |
|
|
|t P60, <04>, [BOOK], {604}
|a SNK
|b SNK
|y VYP
|7 0
|p 17A0132859
|o snkSD 26365 D1
|0 0
|1 0
|4 0
|d 1998-04-07
|l 0
|r 2005-01-02 00:00:00
|w 2026-02-24
|
| 952 |
|
|
|t P60, <04>, [BOOK], {604}
|a SNK
|b SNK
|y VYP
|7 0
|p 17A0156809
|o snkSD 26365 D2
|0 0
|1 0
|4 0
|d 1998-08-12
|l 0
|r 2005-01-02 00:00:00
|w 2026-02-24
|